LEADER 03207nam 2200577 450 001 9910465321603321 005 20200903223051.0 010 $a3-03813-240-3 035 $a(CKB)3710000000221829 035 $a(EBL)1865161 035 $a(SSID)ssj0001343409 035 $a(PQKBManifestationID)11951773 035 $a(PQKBTitleCode)TC0001343409 035 $a(PQKBWorkID)11309589 035 $a(PQKB)10380203 035 $a(MiAaPQ)EBC1865161 035 $a(Au-PeEL)EBL1865161 035 $a(CaPaEBR)ebr10906072 035 $a(OCoLC)891395269 035 $a(EXLCZ)993710000000221829 100 $a20080409h20082008 uy| 0 101 0 $aeng 135 $aur|n|---||||| 181 $ctxt 182 $cc 183 $acr 200 10$aLithium iron phosphate $ea promising cathode-active material for lithium secondary batteries /$fGouri Cheruvally 210 1$aStafa-Zuerich ;$aEnfield, New Hampshire :$cTrans Tech Publications Limited,$d[2008] 210 4$d©2008 215 $a1 online resource (142 p.) 225 1 $aMaterials science foundations,$x1422-3597 ;$vvolume 38 300 $aDescription based upon print version of record. 311 $a0-87849-477-4 320 $aIncludes bibliographical references (pages 114-126). 327 $aLithium Iron Phosphate: A Promising Cathode-Active Material for Lithium Secondary Batteries; Dedication; Author; Preface; Table of Contents; Abbreviations; Table of Contents; 1. Introduction; 2. Characteristics of LiFePO4 as a Cathode-Active Material; 3. Synthesis of LiFePO4: Different Methods; 4. Synthesis of LiFePO4/C; 5. Influence of Synthesis Parameters on the Properties of LiFePO4 and LiFePO4/C; 6. Metal Ion-Doped LiFePO4: Synthesis and Properties; 7. LiFePO4-Based Cathode: Influence of Different Parameters on Properties 327 $a8. Lithium Cells with LiFePO4 Cathode: Influence of Cell Components and Operating Temperature9. Safety and Storage of Lithium Batteries with LiFePO4 Cathodes; 10. Theoretical and Modeling Studies on LiFePO4; 11. Phosphate Olivines as Cathode-Active Materials; 12. An Overview; References; Authors Index 330 $aSince the first development of lithium-ion batteries in the early 1990's, there have been tremendous advances in the science and technology of these electrochemical energy sources. At present, lithium batteries dominate the field of advanced power sources and have almost entirely replaced their bulkier and less energetic counterparts such as nickel-cadmium and nickel-metalhydride batteries; especially in portable electronic devices. But lithium batteries are still the object of continuing intense research aimed at making further improvements in performance and safety, at lower cost, so as to m 410 0$aMaterials science foundations ;$vv. 38. 606 $aLithium cells$xResearch 606 $aLithium compounds 608 $aElectronic books. 615 0$aLithium cells$xResearch. 615 0$aLithium compounds. 700 $aCheruvally$b Gouri$0861537 801 0$bMiAaPQ 801 1$bMiAaPQ 801 2$bMiAaPQ 906 $aBOOK 912 $a9910465321603321 996 $aLithium iron phosphate$91922631 997 $aUNINA LEADER 03413nam 2200649 a 450 001 9910463463803321 005 20220204235219.0 010 $a3-11-092260-6 024 7 $a10.1515/9783110922608 035 $a(CKB)3360000000338838 035 $a(EBL)3040240 035 $a(SSID)ssj0000759060 035 $a(PQKBManifestationID)11517308 035 $a(PQKBTitleCode)TC0000759060 035 $a(PQKBWorkID)10781457 035 $a(PQKB)10167954 035 $a(MiAaPQ)EBC3040240 035 $a(DE-B1597)56766 035 $a(OCoLC)840442993 035 $a(OCoLC)948656323 035 $a(DE-B1597)9783110922608 035 $a(Au-PeEL)EBL3040240 035 $a(CaPaEBR)ebr10585240 035 $a(OCoLC)811402153 035 $a(EXLCZ)993360000000338838 100 $a20050916d2005 uy 0 101 0 $aeng 135 $aurnn#---|u||u 181 $ctxt 182 $cc 183 $acr 200 00$aHow to do comparative religion?$b[electronic resource] $ethree ways, many goals /$fedited by Rene? Gotho?ni 210 $aBerlin ;$aNew York $cWalter de Gruyter$dc2005 215 $a1 online resource (231 p.) 225 1 $aReligion and reason ;$vv. 44 300 $aDescription based upon print version of record. 311 0 $a3-11-018572-5 320 $aIncludes bibliographical references and indexes. 327 $tFront matter --$tPreface --$tContents --$tUnderstanding Religion --$tIntroduction /$rGothóni, René --$tMajor Contributions of Philosophical Phenomenology and Hermeneutics to the Study of Religion /$rAllen, Douglas --$tPhenonomenology of Religion: Between 'Given' and Constructed /$rLaitila, Teuvo --$t"Going, going, gone" - Or How I Fail to Gain Hermeneutic Understanding /$rSjöblom, Tom --$tPhenomenology as a Preliminary Method /$rUtriainen, Terhi --$tResponse /$rAllen, Douglas --$tExplaining Religion --$tIntroduction /$rPyysiäinen, Ilkka --$tBeyond Thick Descriptions and Interpretive Sciences: Explaining Religious Meaning /$rWiebe, Donald --$tThe Limits of Explaining in Religious Studies /$rHolm, Nils G. --$tScience/Religion Controversy - Are the Grounds of Naturalism Still Valid for Their Confrontation? /$rAnttonen, Veikko --$tUnderstanding the Other /$rGothóni, René --$tResponse /$rWiebe, Donald --$tCritical Approaches in the Comparative Study of Religion --$tIntroduction /$rSakaranaho, Tuula --$tMethodology - Tool or Trap? Comments from a Feminist Perspective /$rGross, Rita M. --$tResearch and Sexual Difference /$rHeinämäki, Elisa --$tWhen is Methodology a Trap? /$rKetola, Kimmo --$tSkyhooks and Toeholds in the Study of Religion /$rTaira, Teemu --$tResponse /$rGross, Rita ?. --$tSummary --$tReligion and Relations. The Social Dimension of Methodological Argumentation /$rVesala, Kari Mikko / Pesonen, Heikki --$tIndex of Authors --$tIndex of Subject 410 0$aReligion and reason ;$v44. 606 $aReligions$vCongresses 606 $aPhenomenology$vCongresses 606 $aHermeneutics$vCongresses 608 $aElectronic books. 615 0$aReligions 615 0$aPhenomenology 615 0$aHermeneutics 676 $a200.72 686 $aBE 3750$2rvk 701 $aGotho?ni$b Rene?$f1950-$0826377 801 0$bMiAaPQ 801 1$bMiAaPQ 801 2$bMiAaPQ 906 $aBOOK 912 $a9910463463803321 996 $aHow to do comparative religion$92492693 997 $aUNINA LEADER 01712nam0 22003371i 450 001 UON00499759 005 20231205105409.186 010 $a978-08-16-62057-9 100 $a20191106f1993 |0itac50 ba 101 $aeng 102 $aUS 105 $a|||| 1|||| 200 1 $a(Dis)forming the American canon$eAfrican-Arabic slave narratives and the vernacular$fRonald A. T. Judy$gforeword by Wahneema Lubiano 210 $aMinneapolis$aLondon$cUniversity of Minnesota Press$dc1993 215 $axxiii, 343 p.$d23 cm 606 $aLetteratura americana$xAutori afro-americani$xSec. 19.$xCritica$3UONC096296$2FI 606 $aLetteratura americana$xAutori arabi$xSec. 19.$xCritica$3UONC096297$2FI 606 $aSCHIAVITÙ$xStati Uniti d'America$xStoriografia$3UONC094749$2FI 620 $aUS$dMinneapolis$3UONL000051 620 $aGB$dLondon$3UONL003044 676 $a810.9896073$cLetteratura americana. Storia, descrizione, studio critico. Letteratura per e di Afroamericani (Neri degli Stati Uniti)$v21 700 1$aJUDY$bRonald A. T.$3UONV243841$0769785 702 1$aLUBIANO$bWahneema$3UONV243842 712 $aUniversity of Minnesota Press$3UONV247314$4650 801 $aIT$bSOL$c20251003$gRICA 899 $aSIBA - SISTEMA BIBLIOTECARIO DI ATENEO$2UONSI 912 $aUON00499759 950 $aSIBA - SISTEMA BIBLIOTECARIO DI ATENEO$dSI IV C 016 $eSI 33841 7 016 951 $aSIBA - SISTEMA BIBLIOTECARIO DI ATENEO$bSI20191474 1J 20191106 996 $aDis)forming the American canon$91569750 997 $aUNIOR